Normal view
MARC view
- Ahmed, Hajira
Entry Personal Name
001 - CONTROL NUMBER
- control field: 119989
003 - CONTROL NUMBER IDENTIFIER
- control field: NUST
005 - DATE AND TIME OF LATEST TRANSACTION
- control field: 20240122105420.0
008 - FIXED-LENGTH DATA ELEMENTS
- fixed length control field: 240122|| aca||aabn | a|a d
040 ## - CATALOGING SOURCE
- Original cataloging agency: NUST
- Transcribing agency: NUST
100 ## - HEADING--PERSONAL NAME
- Personal name: Ahmed, Hajira
670 ## - SOURCE DATA FOUND
- Source citation: Work cat.: (NUST): Ahmed, Hajira, Effect of load and size on wear depth per cycle in Total Knee Replacement (TKR) /
